000 00899nmm a2200277 a 4500
001 ocm000587291
003 TR-IsHL
005 20201028121200.0
008 130705s1996 tu tur
007 cr cn
020 _a9789757171003
035 _a587291
_b(N$T)
050 0 4 _aDS26
_b.T87 1996
090 0 4 _aDS26
_b.T87 1996
100 1 _aTürkdoğan, Orhan
245 1 0 _aÇağdaş Türk sosyolojisi: araştırma, yöntem ve teknikler
_h[electronic resource] /
_cOrhan Türkdoğan
250 _a2. bs.
260 _aİstanbul :
_bTuran Yayıncılık,
_c1996
300 _a592 p.
650 4 _aSosyoloji
650 4 _aSociology
650 0 _aSosyoloji Tarihi
_x Türkiye
650 0 _aHistory of Sociology
_x Turkey
650 7 _aSOCIAL SCIENCE / Sociology / General
_2bisacsh
856 4 0 _uhttp://search.ebscohost.com/login.aspx?direct=true&scope=site&db=e011xww&AN=587291
999 _c1184
_d1184